10 Random Numbers 1-30- Blind Ranking - Statistics

General Stats
  • This quiz has been taken 16 times
  • The average score is 6 of 10
Answers on the Map
Answers color-coded by a green-red scale on the quiz's map according to % correct below.
 
Answer Stats
Number % Correct
15
100%
17
100%
20
100%
27
100%
29
100%
5
100%
8
100%
7
83%
28
80%
1
75%
19
75%
30
75%
13
67%
2
67%
25
67%
4
67%
18
50%
21
50%
23
50%
24
50%
3
50%
14
40%
22
40%
12
25%
9
25%
10
0%
11
0%
16
0%
26
0%
6
0%
No matching quizzes found
Score Distribution
Percent of People with Each Score
Percentile by Number Answered
Your Score History
You have not taken this quiz